000
00265nam a22001217a 4500
008
181030b xxu||||| |||| 00| 0 eng d
041
_a
eng
080
_a
610.73
100
_a
2
101
_a
INF
245
_a
Arithmetic for Nurses
_c
McClain, M.E
942
_2
udc
_c
BK
999
_c
51120
_d
51120